[Apparatus Biblicus] : [Sive Manductio Ad Sacram Scripturam Tum Clarius, Tum Facilius Intelligendam. Auctore ... Cum Figuris Aeneis].

Podrobná bibliografia
Hlavný autor: Lamy, Bernard, 1640-1715 (Author)
Korporácia: Akademická tlačiareň (Printer), knižnice - Knižnica Právnickej akadémie (Signer)
Ďalší autori: Foscarini, Marco, 1695-1763 (Licensor), Gadaldini, Agostino (Licensor), Morosini, Barbon (Licensor)
Médium: Kniha
Jazyk:Latin
Vydané: [Tyrnaviae] : [Typis Collegii Academici Soc. Jesu], Anno MDCCLXII] [=1762?]
Témy:
Signatúra: B 1131 PA
LEADER 02222nam a2200469 a 4500
001 000000432
005 20070608142036.0
008 050727s1762 xo e lat
FMT
040 |a SVKKK  |b slo  |c SVKKK  |e AACR2 
041 0 |a lat 
044 |a xo  |c SK 
080 |a 22 
080 |a 27 
100 1 |a Lamy, Bernard,  |d 1640-1715  |4 aut 
245 1 0 |a [Apparatus Biblicus] :  |b [Sive Manductio Ad Sacram Scripturam Tum Clarius, Tum Facilius Intelligendam. Auctore ... Cum Figuris Aeneis]. 
260 |a [Tyrnaviae] :  |b [Typis Collegii Academici Soc. Jesu],  |c Anno MDCCLXII] [=1762?] 
300 |a III-XL,645,[67] s. a/2-a/4,b/4-e/4,A/4-Z/4,Aa/4-Zz/4,Aaa/4-Zzz/4,Aaaa/4-Uuuu/4 [=375] list.  |b 12 obr. príl.  |c 4°. 20x16 cm 
500 |a Na zl. a/2-b/4 životopis autora. 
500 |a Autor a názov podľa Telgársky-Banská. 
500 |a Vinety ornam., vineta fig., vlysy ornam., inic. s ornam. pozadím v rámčeku na 3 r., inic. s ornam. pozadím vo voľ. priestore na 4 r., verz. vo voľ. priestore na 2, 3 r., v texte 12 obr. príl. (medirytiny) - k numizmatike, mapy, iné, chronologické tab., kustódy. 
500 |a Defekt - chýba titl. list. 
504 |a Na zl. Mmmm/3b-Rrrr/2a Index Testimoniorum Sacrae Scripturae. Na zl. Rrrr/2b-Uuuu/4 predmetový register. 
508 |a Na zl. c/1-d/4 nesignov. úvod. Na zl. e/4b facultas A. Gadaldiniho, M. Foscariniho a B. Marosiniho. 
510 4 |a Podmanická I/511; Telgársky 320/2291; Telgársky-Banská IV/2415; Pumprla 186/313; Dokoupil 97/357. 
550 |a Impressum podľa Telgársky-Banská. 
561 |a Peč.: K. K. Rechtsakad. Bibliothek In Kaschau. 
501 |a Prív. 1.: HORVÁT, M.: Assertiones Ex Universa Philosophia. [Trnava, 1764]. 4°. 
653 1 |a Biblia 
653 1 |a cirkevné dejiny 
700 1 |a Foscarini, Marco,  |d 1695-1763  |4 lso 
700 1 |a Gadaldini, Agostino  |4 lso 
700 1 |a Morosini, Barbon  |4 lso 
710 0 |a Akademická tlačiareň  |c Trnava  |d 1648-1773  |4 prt 
710 0 |a knižnice - Knižnica Právnickej akadémie  |c Košice  |4 sgn 
752 |a Slovensko  |d Trnava 
852 |p B 1131 PA 
904 |a acf-jz--ega------yyybb1001-- 
905 |a bf-a1db- 
910 |a svkkk 
998 |a TRNTL 
BAS